Recent Trends in Increasing Efficiency in International Arbitration

Detalles Bibliográficos
Autor principal: Biolek, Vt̕
Formato: eBook
Lenguaje:inglés
Publicado: Londres: AV Akademikerverlag, 2019
Materias:
Acceso en línea:Acceso restringido

MARC

LEADER 00000nam a22000007a 4500
005 20190920010630.0
007 cr|||| ||||
008 190920s2019 uk |||||s|||| 00||0 eng d
020 |a 9786202221825 
035 |a 30137 
040 |a vLex 
090 |c 9613  |d 9613 
100 1 |a Biolek, Vt̕ 
245 1 0 |a Recent Trends in Increasing Efficiency in International Arbitration  |h [Recurso electrn̤ico] /  |c Vt̕ Biolek 
256 |a Servicio en ln̕ea 
260 |a Londres:  |b AV Akademikerverlag,  |c 2019 
300 |a 1 recurso electrn̤ico 
500 |a In the past decades, international arbitration has become an extremely costly and at the same time, a rather lengthy method of resolving disputes. The issue of increasing efficiency has become a key prerequisite for maintaining and developing the system of international arbitration. This work deals with analysing methods of increasing the efficiency of international arbitration. It examines the individual factors that influence efficiency, it describes the typical problems that cause lengthy proceedings and increasing costs and it offers methods of eliminating these problems. The presented aspects are analysed chronologically according to the individual phases of the arbitrary proceedings. The author comes to the conclusion that the deciding factor influencing the efficiency of specific arbitrary proceedings is the arbitrator's level of activity. This implies an emphasis on case management and its individual methods. Attention is also paid to the specific process institutions, such as interim measures, default proceedings, summary disposition, anti-suit injunctions and fast-track procedures. 
506 1 |a Disponible solo en los productos indicados  |d vLex Global  |d vLex Global (Academic Edition, excluding Law Schools)  |d vLex Global (U.S. Academic Edition, Law Schools)  |d vLex Global (U.S. Academic Edition, excluding Law Schools)  |d vLex Global (Academic Edition, Law Schools) 
650 0 4 |a Derecho Internacional  |z Inglaterra 
740 0 |a vLex Libros (Servicio en ln̕ea) 
856 4 0 |u http://vlex.com/source/30137  |z Acceso restringido 
942 |c BOOK 
999 0 |a International right